=LDR 00000nam 2200000 4500 =001 INLIS000000000024266 =005 20200702080200 =035 ##$$a 0010-061300000024266 =008 200702################g##########0#ind## =041 ##$$a Ind =082 ##$$a 2X6.13 =090 ##$$a 2x6.13, Ann =100 1#$$a Annan, Abdullah =245 1#$$a Gerakan-gerakan dunia islam, /$c Abdullah Annan ML =260 ##$$a Jakarta :$b Pustaka Progressif,$c 1993 =300 ##$$a 181 hlm, 21 cm ; $c 14 x 21 cm =650 #4$$a Gerakan islam =850 ##$$a NBPNMAT =084 ##$$a 2X6.13 ANN g =250 ##$$a cet.1 =990 ##$$a 00050672 =990 ##$$a 00050672 =990 ##$$a 4923249232